KOHA-Header-6

Mesaq Sher Aqeedat (Record no. 9189)

000 -LEADER
fixed length control field 00260nam a2200109Ia 4500
100 ## - MAIN ENTRY--AUTHOR NAME
Personal name Sershar Siddiqi
245 #0 - TITLE STATEMENT
Title Mesaq Sher Aqeedat
260 ## - PUBLICATION, DISTRIBUTION, ETC. (IMPRINT)
Place of publication Karachi
Name of publisher Hira Foundation
Year of publication 1997
300 ## - PHYSICAL DESCRIPTION
Number of Pages 862
942 ## - ADDED ENTRY ELEMENTS (KOHA)
Koha item type Books
Holdings
Withdrawn status Lost status Collection code Permanent Location Current Location Shelving location Date acquired Full call number Accession Number Koha item type
    Urdu Literature MAJU MAJU   2019-09-14 621.3 4619 Urdu Literature

Powered by Koha